000
00329nam a2200109Ia 4500
008
191206s9999 xx 000 0 und d
090
_a
PR6029.A2K6
245
0
_a
Animal farm
260
_c
c1999
300
_a
"1 videoreel of 1 : sd., col. ; 1 in. master."
999
_c
15468
_d
15468